000 00386cam a2200157ua 4500
041 _aeng
_h
082 _a694.1
_bBAY/CA
100 _aBayliss, R .
245 _aCarpentry and Joinery V.I /
_cR Bayliss.
_hTextual Documents
250 _a1 /
_b.
260 _aLondon :
_bHutchinson Educational Ltd ,
_c1961.
300 _a206 ; .
504 _a
942 _cBK
999 _c3292
_d3292